[Event "St Petersburg-ch qual"]
[Site "St Petersburg"]
[Date "2006.12.01"]
[Round "3"]
[White "Timchenko, Aleksandr"]
[Black "Budnikov, Alexandr"]
[Result "1-0"]
[WhiteElo "2100"]
[BlackElo "1800"]
[PlyCount "73"]
[EventDate "2006.11.27"]
[EventType "swiss"]
[EventRounds "10"]
[EventCountry "RUS"]
[SourceTitle "EXT 2008"]
[Source "ChessBase"]
[SourceDate "2007.11.25"]
[SourceVersion "1"]
[SourceVersionDate "2007.11.25"]
[SourceQuality "1"]

1. Nf3 d5 2. g3 Nf6 3. Bg2 c5 4. 0-0 Nc6 5. d4 e6 6. c4 dxc4 7. Qa4 cxd4 8. Nxd4 Qxd4 9. Bxc6+ Bd7 10. Rd1 Qxd1+ 11. Qxd1 Bxc6 12. Qc2 Rc8 13. Be3 b6 14. Qxc4 Bd6 15. Nc3 Ke7 16. Qa6 Rc7 17. a4 Nd5 18. Nxd5+ Bxd5 19. Rc1 Rhc8 20. Qxc8 Rxc8 21. Rxc8 h5 22. h4 Kd7 23. Rc1 Bb4 24. Bf4 a5 25. Rc7+ Ke8 26. Be3 Bd6 27. Rc1 Be5 28. Bxb6 Bxb2 29. Rc2 Bf6 30. Rc5 Bd4 31. Rxd5 Bxb6 32. Rxh5 Ke7 33. Rb5 Bc7 34. Kg2 Kf6 35. Kf3 e5 36. Rc5 Bd8 37. Ke4 1-0